Hướng dẫn thiết kế kỹ thuật thi công mạng lưới cấp nước
Nội dung chủ yếu về công tác thiết kế, vận hành và quản lý các công trình của hệ thống cấp nước, đặc biệt là mạng lưới cấp nước và các công trình liên quan như: trạm bơm cấp 2, đài nước, bể chứa nước sạch....
Đã lưu trong:
| Príomhúdar: | |
|---|---|
| Formáid: | Leabhar |
| Teanga: | Undetermined |
| Foilsithe: |
Hà Nội
Xây dựng
2015
|
| Ábhair: | |
| Clibeanna: |
Cuir Clib Leis
Gan Chlibeanna, Bí ar an gcéad duine leis an taifead seo a chlibeáil!
|
| Thư viện lưu trữ: | Trung tâm Học liệu Trường Đại học Cần Thơ |
|---|
| LEADER | 01071nam a2200217Ia 4500 | ||
|---|---|---|---|
| 001 | CTU_227189 | ||
| 008 | 210402s9999 xx 000 0 und d | ||
| 020 | |c 79000 | ||
| 082 | |a 628.144 | ||
| 082 | |b H561 | ||
| 100 | |a Nguyễn, Thị Thanh Hương | ||
| 245 | 0 | |a Hướng dẫn thiết kế kỹ thuật thi công mạng lưới cấp nước | |
| 245 | 0 | |c Nguyễn Thị Thanh Hương, Phan Tiến Lâm | |
| 260 | |a Hà Nội | ||
| 260 | |b Xây dựng | ||
| 260 | |c 2015 | ||
| 520 | |a Nội dung chủ yếu về công tác thiết kế, vận hành và quản lý các công trình của hệ thống cấp nước, đặc biệt là mạng lưới cấp nước và các công trình liên quan như: trạm bơm cấp 2, đài nước, bể chứa nước sạch. | ||
| 650 | |a Water distribution engineering,Kỹ thuật cấp thoát nước | ||
| 904 | |i Hà Trang | ||
| 910 | |a Tuyến | ||
| 980 | |a Trung tâm Học liệu Trường Đại học Cần Thơ | ||